Life and worked of syviaplath / (Record no. 41143)

MARC details
000 -LEADER
fixed length control field 00708nam a22002294a 4500
005 - DATE AND TIME OF LATEST TRANSACTION
control field 2010081100240.0
010 ## - LCCN (DPL NO)
LC control number ENG-99517
020 ## - INTERNATIONAL STANDARD BOOK NUMBER
Terms of availability 85.00
International Standard Book Number 9788190863261
035 ## - SYSTEM CONTROL NUMBER
System control number EN-83049
037 ## - SOURCE OF ACQUISITION
Source of stock number/acquisition DBAD/PUB
082 ## - DEWEY DECIMAL CLASSIFICATION NUMBER
Classification number 921
100 ## - MAIN ENTRY--PERSONAL NAME
Personal name P. Gopi
245 ## - TITLE STATEMENT
Title Life and worked of syviaplath /
Statement of responsibility, etc by P. Gopi
260 ## - PUBLICATION, DISTRIBUTION, ETC. (IMPRINT)
Place of publication, distribution, etc Chennai
Name of publisher, distributor, etc Saru Publication
Date of publication, distribution, etc 2009
270 ## - ADDRESS
City Chennai
Address 15, K. S. Mani Street
Postal code 600094
300 ## - PHYSICAL DESCRIPTION
Extent 188 p.
Dimensions 22cm (Pbk)
500 ## - GENERAL NOTE
General note Includes bibliographical references
650 ## - SUBJECT ADDED ENTRY--TOPICAL TERM
Topical term or geographic name as entry element Biography
700 ## - ADDED ENTRY--PERSONAL NAME
9 (RLIN) 10698
942 ## - ADDED ENTRY ELEMENTS (KOHA)
Source of classification or shelving scheme Dewey Decimal Classification
Item type English Books
Call number suffix PGO
Classification part 921
Holdings
Withdrawn status Lost status Not for loan Collection code Home library Current library Date acquired Cost, normal purchase price Full call number Barcode Copy number Cost, replacement price Koha item type
    Not For Loan Non-fiction D.B.Act.Division D.B.Act.Division 11/08/2010 85.00 921 PGO EN-83049 1 85.00 English Books

© Delhi Public Library
Hit Counter
free hit counter